North - Multiple Choice - Statistics

General Stats
  • This quiz has been taken 10 times
  • The average score is 7 of 10
Answer Stats
Question Answer % Correct
What country does North Korea NOT border? Japan
100%
Why did Macedonia change its name? They had name dispute with a region in Greece
100%
Which of these countries is in North America? Honduras
90%
What country is Northern Ireland part of? United Kingdom
90%
Which of these countries borders the North Sea? Norway
80%
What is the capital of North Dakota? Bismarck
70%
Which of these countries is considered to be in North Africa? Mali
60%
Which of these countries does NOT border the North Sea? Sweden
60%
What is the capital of North Carolina? Raleigh
40%
Which of these states is further North? Minnesota
30%
No matching quizzes found
Score Distribution
Percent of People with Each Score
Percentile by Number Answered
Your Score History
You have not taken this quiz